[Event "Quebec-ch U20"]
[Site "Montreal CAN"]
[Date "2013.02.10"]
[Round "4"]
[White "Chiku-Ratte, Olivier-Kenta"]
[Black "Sprumont, Oscar"]
[Result "1-0"]
[WhiteElo "2207"]
[BlackElo "1942"]
[PlyCount "103"]
[EventDate "2013.02.08"]
[EventType "swiss"]
[EventRounds "5"]
[EventCountry "CAN"]

1. d4 Nf6 2. c4 g6 3. Nc3 d5 4. cxd5 Nxd5 5. e4 Nxc3 6. bxc3 Bg7 7. Nf3 c5 8.
Rb1 O-O 9. Be2 b6 10. O-O Bb7 11. Qd3 e6 12. Bg5 Qd6 13. Qe3 Rc8 14. Rfd1 Nd7
15. Bb5 Bc6 16. Bf4 Qe7 17. a4 cxd4 18. cxd4 e5 19. Bg5 f6 20. Bh4 Kh8 21. Bg3
Bf8 22. dxe5 fxe5 23. Bxc6 Rxc6 24. Rxd7 Qxd7 25. Nxe5 Qe6 26. Nxc6 Qxc6 27.
Be5+ Bg7 28. Bxg7+ Kxg7 29. Rc1 Qxa4 30. Rc7+ Kg8 31. g3 Rd8 32. Kg2 Re8 33. e5
Qa2 34. Qd4 Qe6 35. f4 Qa2+ 36. Qf2 Qd5+ 37. Qf3 Qa2+ 38. Kh3 a5 39. Rc6 b5 40.
Qg4 Qf7 41. Rf6 Qe7 42. Qd1 Rf8 43. Qd5+ Kh8 44. Rd6 Qf7 45. Qxb5 Qf5+ 46. Kg2
Qc2+ 47. Kf3 Qxh2 48. e6 Qh1+ 49. Kg4 h5+ 50. Kg5 Qe4 51. Qd7 Qf5+ 52. Kh6 1-0

[Event "Quebec-ch U20"]
[Site "Montreal CAN"]
[Date "2013.02.10"]
[Round "5"]
[White "Jiang, Louie"]
[Black "Chiku-Ratte, Olivier-Kenta"]
[Result "1/2-1/2"]
[WhiteElo "2353"]
[BlackElo "2207"]
[PlyCount "26"]
[EventDate "2013.02.08"]
[EventType "swiss"]
[EventRounds "5"]
[EventCountry "CAN"]

1. Nf3 Nf6 2. g3 g6 3. Bg2 Bg7 4. O-O O-O 5. b3 c5 6. Bb2 Nc6 7. d3 d6 8. Nbd2
e6 9. a3 Qc7 10. Qe1 b6 11. e4 Bb7 12. Nc4 d5 13. Ncd2 dxe4 1/2-1/2

[Event "Quebec-ch classe"]
[Site "Montreal CAN"]
[Date "2013.01.18"]
[Round "1.7"]
[White "Weston, Paul"]
[Black "Chiku-Ratte, Olivier-Kenta"]
[Result "0-1"]
[WhiteElo "2010"]
[BlackElo "2226"]
[PlyCount "140"]
[EventDate "2013.01.18"]
[EventType "swiss"]
[EventRounds "5"]
[EventCountry "CAN"]

1. f4 c5 2. e3 g6 3. Nf3 Bg7 4. c3 Nf6 5. d4 b6 6. Bd3 Bb7 7. O-O O-O 8. Nbd2
Nc6 9. Qe1 e6 10. Qh4 Nd5 11. Ng5 h6 12. Ndf3 hxg5 13. Nxg5 Re8 14. e4 Nf6 15.
e5 cxd4 16. exf6 Qxf6 17. Qh7+ Kf8 18. Ne4 Qe7 19. f5 exf5 20. Bh6 Qe5 21. Nd6
Re6 22. Nxb7 Bxh6 23. Qxh6+ Qg7 24. Qxg7+ Kxg7 25. Rae1 Ne5 26. Ba6 dxc3 27.
bxc3 Rae8 28. Rd1 Rc8 29. c4 Kf6 30. Rd6 Ke7 31. Rfd1 Rxd6 32. Nxd6 Rc6 33.
Nc8+ Kd8 34. Nxa7 Rc7 35. Nc8 Rxc8 36. Bxc8 Kxc8 37. Rd4 Kc7 38. h3 Kc6 39. Kf2
f6 40. Ke3 g5 41. Kd2 f4 42. Kc3 f5 43. Rd5 d6 44. Kd4 g4 45. hxg4 fxg4 46. Ke4
f3 47. gxf3 gxf3 48. Rd1 Kc5 49. Rd5+ Kc6 50. Rd2 Nxc4 51. Rc2 Kc5 52. Kxf3 d5
53. Rc3 d4 54. Rc1 d3 55. Ke4 d2 56. Rd1 Kb4 57. Kd3 Nb2+ 58. Kxd2 Nxd1 59.
Kxd1 Ka3 60. Kc2 Kxa2 61. Kc3 Ka3 62. Kc4 Ka4 63. Kc3 b5 64. Kc2 Ka3 65. Kb1 b4
66. Kc1 Ka2 67. Kc2 b3+ 68. Kd2 b2 69. Kc3 b1=Q 70. Kd4 Qc2 0-1

[Event "Quebec-ch classe"]
[Site "Montreal CAN"]
[Date "2013.01.19"]
[Round "2.1"]
[White "Sambuev, Bator"]
[Black "Chiku-Ratte, Olivier-Kenta"]
[Result "1-0"]
[WhiteElo "2590"]
[BlackElo "2226"]
[PlyCount "63"]
[EventDate "2013.01.18"]
[EventType "swiss"]
[EventRounds "5"]
[EventCountry "CAN"]

1. d4 Nf6 2. Nf3 c5 3. e3 b6 4. Bd3 Bb7 5. O-O g6 6. c4 cxd4 7. exd4 Bg7 8. Nc3
O-O 9. Bg5 d5 10. Re1 Nc6 11. a3 dxc4 12. Bxc4 Qd6 13. Ba2 e6 14. Qd2 Rac8 15.
Rad1 Na5 16. Ne5 Bd5 17. Bxd5 exd5 18. Nb5 Qd8 19. Nxa7 Nc4 20. Qb4 Rc7 21. Nb5
Rc8 22. Ng4 h5 23. Ne5 Re8 24. Nc3 Re6 25. h3 Bf8 26. Qb3 Be7 27. Re2 Na5 28.
Qb5 Rd6 29. Rde1 Qe8 30. Nxg6 fxg6 31. Rxe7 Qf8 32. R1e6 1-0

[Event "Quebec-ch classe"]
[Site "Montreal CAN"]
[Date "2013.01.19"]
[Round "3.5"]
[White "Chiku-Ratte, Olivier-Kenta"]
[Black "Cardona, Misael"]
[Result "1-0"]
[WhiteElo "2226"]
[BlackElo "2031"]
[PlyCount "81"]
[EventDate "2013.01.18"]
[EventType "swiss"]
[EventRounds "5"]
[EventCountry "CAN"]

1. d4 d6 2. c4 Nd7 3. Nc3 e5 4. e3 Ngf6 5. g3 Be7 6. Bg2 c6 7. Nge2 O-O 8. O-O
Qc7 9. b3 Re8 10. a4 a5 11. Ba3 Bf8 12. Qc2 Nb8 13. d5 c5 14. e4 Na6 15. f4 Nb4
16. Qd2 Qd8 17. Bb2 Nd7 18. Nb5 f6 19. Bh3 Nb6 20. Bxc8 Qxc8 21. fxe5 fxe5 22.
Qc3 Be7 23. Nf4 Rf8 24. Ne6 Rxf1+ 25. Rxf1 Qd7 26. Qf3 Bf6 27. Qg4 Rf8 28. h3
Rf7 29. Nxd6 Qxd6 30. Rxf6 Qe7 31. Rxf7 Qxf7 32. Nxc5 Nc2 33. Bxe5 Ne1 34. Bf4
Qe7 35. d6 Qd8 36. Qe6+ Kf8 37. d7 g5 38. Bd6+ Kg7 39. Be7 Qb8 40. Qf6+ Kg8 41.
d8=Q+ 1-0

[Event "Quebec-ch classe"]
[Site "Montreal CAN"]
[Date "2013.01.20"]
[Round "4.3"]
[White "Chiku-Ratte, Olivier-Kenta"]
[Black "Sturt, Raven"]
[Result "1/2-1/2"]
[WhiteElo "2216"]
[BlackElo "2283"]
[PlyCount "130"]
[EventDate "2013.01.18"]
[EventType "swiss"]
[EventRounds "5"]
[EventCountry "CAN"]

1. d4 Nf6 2. c4 e6 3. Nc3 Bb4 4. e3 c5 5. Nge2 cxd4 6. exd4 b6 7. a3 Bxc3+ 8.
Nxc3 Bb7 9. Bd3 d5 10. O-O dxc4 11. Bxc4 h6 12. Bf4 O-O 13. Qd3 Nh5 14. Bg3
Nxg3 15. hxg3 Nc6 16. Rad1 Qd6 17. Rfe1 Rfd8 18. Nb5 Qb8 19. Qe3 Na5 20. Ba2
Bd5 21. Bxd5 Rxd5 22. Nc3 Rd6 23. d5 Qf8 24. Qf4 exd5 25. Nxd5 Kh8 26. Nc7 Rf6
27. Qd4 Nc6 28. Qd7 Rc8 29. Ne8 Rd8 30. Nxf6 Rxd7 31. Nxd7 Qc8 32. Ne5 Nxe5 33.
Rxe5 Qc2 34. Rd8+ Kh7 35. Re7 Qc1+ 36. Kh2 Qxb2 37. Rxf7 a5 38. a4 b5 39. axb5
Qxb5 40. Rdd7 Qh5+ 41. Kg1 Qg5 42. Rf4 Qh5 43. Rd2 Qc5 44. Ra2 Qc1+ 45. Kh2 Qd1
46. Rxa5 g5 47. Rf3 Kg7 48. Ra7+ Kg6 49. Raf7 Qd4 50. Rc7 Qd1 51. Rc6+ Kg7 52.
Rcf6 Qd4 53. Rf7+ Kg6 54. Re7 Qd1 55. Rfe3 Qf1 56. R3e6+ Kf5 57. Rxh6 Qxf2 58.
Rhh7 Qd4 59. Rd7 Qe5 60. Rd3 Kg4 61. Ra3 Qd4 62. Rha7 Qh8+ 63. Kg1 Qd4+ 64. Kf1
Qd1+ 65. Kf2 Qd2+ 1/2-1/2

[Event "Quebec-ch classe"]
[Site "Montreal CAN"]
[Date "2013.01.20"]
[Round "5.2"]
[White "Hambleton, Aman"]
[Black "Chiku-Ratte, Olivier-Kenta"]
[Result "1-0"]
[WhiteElo "2370"]
[BlackElo "2226"]
[PlyCount "65"]
[EventDate "2013.01.18"]
[EventType "swiss"]
[EventRounds "5"]
[EventCountry "CAN"]

1. d4 Nf6 2. c4 c5 3. d5 e6 4. Nc3 exd5 5. cxd5 d6 6. e4 g6 7. h3 Bg7 8. Nf3
O-O 9. Bd3 b5 10. Nxb5 Re8 11. O-O Nxe4 12. Re1 a6 13. Na3 Nf6 14. Rxe8+ Nxe8
15. Bg5 Bf6 16. Qd2 Nd7 17. Nc4 Bb7 18. Be4 Bxg5 19. Nxg5 Qf6 20. Re1 Nc7 21.
Bf3 Nb5 22. Na5 Rb8 23. Nxb7 Rxb7 24. Re8+ Kg7 25. Ne4 Qd4 26. Qxd4+ Nxd4 27.
Nxd6 Nxf3+ 28. gxf3 Rxb2 29. Re7 Nb6 30. Rxf7+ Kg8 31. Rb7 Rb4 32. a3 Rb3 33.
Nc4 1-0

[Event "Mercredi 2013.01.09 ABCD"]
[Site "Montreal CAN"]
[Date "2013.01.09"]
[Round "1"]
[White "Tremblay, Alain"]
[Black "Chiku-Ratte, Olivier-Kenta"]
[Result "0-1"]
[WhiteElo "2074"]
[BlackElo "2226"]
[PlyCount "62"]
[EventDate "2013.01.09"]
[EventType "tourn"]
[EventRounds "5"]
[EventCountry "CAN"]

1. f4 Nf6 2. Nf3 g6 3. d3 d6 4. e4 Bg7 5. Be2 c5 6. O-O Bg4 7. h3 Bxf3 8. Bxf3
Nc6 9. c3 Nd7 10. Be3 O-O 11. Nd2 Rc8 12. a4 a6 13. Nb3 b5 14. axb5 axb5 15. d4
cxd4 16. cxd4 Nb6 17. Kh1 Nc4 18. Bc1 Qb6 19. e5 Rfd8 20. e6 f5 21. d5 Nb4 22.
Qe2 Ra8 23. Rxa8 Rxa8 24. g4 fxg4 25. Bxg4 Ra2 26. f5 Bxb2 27. fxg6 Bg7 28. Qf3
Ne5 29. gxh7+ Kh8 30. Qf5 Qb7 31. Rf3 Qxd5 0-1

[Event "Mercredi 2013.01.09 ABCD"]
[Site "Montreal CAN"]
[Date "2013.01.16"]
[Round "2"]
[White "Chiku-Ratte, Olivier-Kenta"]
[Black "Cardin, Guillaume"]
[Result "0-1"]
[WhiteElo "2226"]
[BlackElo "2092"]
[PlyCount "62"]
[EventDate "2013.01.09"]
[EventType "tourn"]
[EventRounds "5"]
[EventCountry "CAN"]

1. d4 Nf6 2. c4 g6 3. Nc3 d5 4. cxd5 Nxd5 5. e4 Nxc3 6. bxc3 Bg7 7. Nf3 c5 8.
Rb1 O-O 9. Be2 Nc6 10. d5 Ne5 11. Nxe5 Bxe5 12. Qd2 e6 13. f4 Bc7 14. O-O exd5
15. exd5 Ba5 16. d6 Rb8 17. Bb2 Bf5 18. Rbd1 Qd7 19. Rfe1 Rfe8 20. Bf3 c4 21.
Qd5 b5 22. Kh1 Rbd8 23. Re5 a6 24. Qb7 Qc8 25. h3 Rxe5 26. fxe5 Bxh3 27. gxh3
Qxh3+ 28. Kg1 Qg3+ 29. Bg2 Qxe5 30. Qe4 Bb6+ 31. Kf1 Qc5 0-1

[Event "Mercredi 2013.01.09 ABCD"]
[Site "Montreal CAN"]
[Date "2013.01.23"]
[Round "3"]
[White "Levkovsky, Alexandre"]
[Black "Chiku-Ratte, Olivier-Kenta"]
[Result "1/2-1/2"]
[WhiteElo "2237"]
[BlackElo "2226"]
[PlyCount "84"]
[EventDate "2013.01.09"]
[EventType "tourn"]
[EventRounds "5"]
[EventCountry "CAN"]

1. e4 c5 2. Nf3 d6 3. d4 cxd4 4. Nxd4 Nf6 5. Nc3 g6 6. g3 Nc6 7. Nde2 Bg7 8.
Bg2 O-O 9. O-O Rb8 10. Nd5 Nxd5 11. exd5 Ne5 12. Be3 Qa5 13. h3 Nc4 14. Nd4 Qb6
15. b3 Nxe3 16. fxe3 Be5 17. Qe1 Bxd4 18. exd4 Qxd4+ 19. Kh2 e5 20. dxe6 Bxe6
21. Rd1 Qe5 22. Qf2 Qc5 23. c4 b5 24. Qxc5 dxc5 25. cxb5 Rxb5 26. Bd5 Rb6 27.
Bxe6 Rxe6 28. Rf2 Rfe8 29. Kg2 Kg7 30. Rd7 R8e7 31. Rxe7 Rxe7 32. Rc2 Re5 33.
Kf3 Kf6 34. Rc4 a6 35. Ra4 Re6 36. Rc4 Rc6 37. Ke4 Ke6 38. g4 f6 39. Rc2 Rc7
40. Rc1 Rc6 41. Rc2 Rc7 42. Rc1 Rc6 1/2-1/2

[Event "Mercredi 2013.01.09 ABCD"]
[Site "Montreal CAN"]
[Date "2013.01.30"]
[Round "4"]
[White "Chiku-Ratte, Olivier-Kenta"]
[Black "Chabot, Roland"]
[Result "0-1"]
[WhiteElo "2226"]
[BlackElo "2114"]
[PlyCount "116"]
[EventDate "2013.01.09"]
[EventType "tourn"]
[EventRounds "5"]
[EventCountry "CAN"]

1. d4 Nf6 2. c4 d6 3. Nf3 g6 4. Nc3 Bf5 5. Nh4 Bd7 6. g3 Bg7 7. Bg2 Qc8 8. Qb3
Nc6 9. Nf3 O-O 10. O-O b6 11. Qc2 Bh3 12. b3 Bxg2 13. Kxg2 Qb7 14. d5 Nb4 15.
Qd2 c6 16. dxc6 Nxc6 17. Bb2 Ne5 18. Rad1 Rac8 19. Nd5 Nxd5 20. Bxe5 Bxe5 21.
Qxd5 Qxd5 22. Rxd5 Bg7 23. Rfd1 Rc7 24. e4 Rfc8 25. e5 Bxe5 26. Nxe5 dxe5 27.
Kf3 f6 28. Rd8+ Rxd8 29. Rxd8+ Kf7 30. Ke4 Ke6 31. Rh8 f5+ 32. Ke3 h5 33. Rg8
Kf7 34. Rd8 Rc6 35. Rd7 a5 36. h4 Rd6 37. Rb7 e4 38. c5 bxc5 39. Ra7 Rd3+ 40.
Ke2 c4 41. bxc4 Ra3 42. c5 Rxa2+ 43. Ke3 a4 44. c6 Rc2 45. Ra6 Rc4 46. Kf4 a3
47. Rxa3 Rxc6 48. Kg5 Rc2 49. f3 exf3 50. Rxf3 Rc4 51. Re3 Rg4+ 52. Kh6 Kf6 53.
Ra3 f4 54. gxf4 Rxh4 55. Ra6+ e6 56. Ra4 Rg4 57. Re4 h4 58. Rd4 h3 0-1

[Event "Mercredi 2013.01.09 ABCD"]
[Site "Montreal CAN"]
[Date "2013.02.06"]
[Round "5"]
[White "Lopez Linares, Lizandro"]
[Black "Chiku-Ratte, Olivier-Kenta"]
[Result "0-1"]
[WhiteElo "2066"]
[BlackElo "2226"]
[PlyCount "112"]
[EventDate "2013.01.09"]
[EventType "tourn"]
[EventRounds "5"]
[EventCountry "CAN"]

1. d4 Nf6 2. c4 c5 3. d5 e6 4. Nc3 exd5 5. cxd5 d6 6. e4 g6 7. Nge2 Bg7 8. Ng3
O-O 9. Be2 Re8 10. O-O Nbd7 11. Bg5 h6 12. Be3 Ne5 13. h3 a6 14. a4 b6 15. Qd2
Kh7 16. f4 Ned7 17. Rad1 Rb8 18. e5 dxe5 19. f5 e4 20. Bf4 Ra8 21. fxg6+ fxg6
22. Qc2 Ne5 23. Ngxe4 Nxe4 24. Qxe4 Ng4 25. Qf3 Ne5 26. Qf2 Bd7 27. b3 Qh4 28.
Ne4 Qxf2+ 29. Nxf2 Bf5 30. Rd2 g5 31. Bxe5 Bxe5 32. Ng4 Bd4+ 33. Rxd4 Rxe2 34.
Rdd1 Kg6 35. d6 h5 36. Rd5 Rxg2+ 37. Kxg2 Be4+ 38. Kg3 h4+ 39. Kh2 Bxd5 40.
Ne5+ Kg7 41. d7 Rd8 42. Rd1 Be6 43. Rd6 Kf6 44. Nc4 Rxd7 45. Rxb6 Rd3 46. Kg2
Rxh3 47. Rxe6+ Kxe6 48. Kxh3 Kd5 49. Kg4 Kd4 50. Nd6 Kc3 51. Ne4+ Kb4 52. Nd2
Kc3 53. Ne4+ Kxb3 54. Nxg5 Kxa4 55. Ne4 Kb4 56. Nd6 c4 0-1

[Event "Pere Noel"]
[Site "Montreal CAN"]
[Date "2011.12.26"]
[Round "1"]
[White "Chiku-Ratte, Olivier-Kenta"]
[Black "Chang, Michael"]
[Result "1-0"]
[WhiteElo "2187"]
[BlackElo "1859"]
[PlyCount "59"]
[EventDate "2011.12.26"]
[EventType "swiss"]
[EventRounds "5"]
[EventCountry "CAN"]

1. d4 Nf6 2. c4 g6 3. Nc3 Bg7 4. e4 d6 5. f4 O-O 6. Nf3 c5 7. d5 e6 8. Be2 exd5
9. cxd5 Bg4 10. O-O Bxf3 11. Bxf3 Re8 12. h3 a6 13. Qc2 Qa5 14. g4 c4 15. Be3
Re7 16. g5 Nfd7 17. e5 Nc5 18. Bxc5 Qxc5+ 19. Kh1 dxe5 20. f5 Rd7 21. fxg6 hxg6
22. Ne4 Qc7 23. d6 Qb6 24. Bg4 Rxd6 25. Nxd6 Qxd6 26. Rad1 Qc6+ 27. Bf3 Qc8 28.
Kh2 Nc6 29. Bd5 Nd8 30. Qxg6 1-0

[Event "Pere Noel"]
[Site "Montreal CAN"]
[Date "2011.12.27"]
[Round "2"]
[White "Nikulich, Oleksandr"]
[Black "Chiku-Ratte, Olivier-Kenta"]
[Result "0-1"]
[WhiteElo "1812"]
[BlackElo "2187"]
[PlyCount "68"]
[EventDate "2011.12.26"]
[EventType "swiss"]
[EventRounds "5"]
[EventCountry "CAN"]

1. e4 c5 2. Ne2 d6 3. g3 g6 4. Bg2 Bg7 5. O-O Nf6 6. Nbc3 O-O 7. d3 Nc6 8. f4
Nd7 9. Be3 Nd4 10. Rb1 Rb8 11. a4 a6 12. Qd2 b5 13. axb5 axb5 14. b4 Nxe2+ 15.
Nxe2 Qc7 16. Nc3 cxb4 17. Nd5 Qd8 18. Nxb4 Bb7 19. Bh3 Qc7 20. Bxd7 Qxd7 21. f5
Rbc8 22. Bh6 Bd4+ 23. Kh1 Rfe8 24. fxg6 hxg6 25. Qf4 Qe6 26. g4 Bc3 27. Rf2 Ra8
28. Qf3 Bxb4 29. Rxb4 Bc6 30. Bd2 d5 31. Bc3 Ra3 32. d4 dxe4 33. Qe3 Rxc3 34.
Qxc3 e3+ 0-1

[Event "Pere Noel"]
[Site "Montreal CAN"]
[Date "2011.12.28"]
[Round "3"]
[White "Chiku-Ratte, Olivier-Kenta"]
[Black "Kraiouchkine, Nikita"]
[Result "0-1"]
[WhiteElo "2187"]
[BlackElo "2293"]
[PlyCount "104"]
[EventDate "2011.12.26"]
[EventType "swiss"]
[EventRounds "5"]
[EventCountry "CAN"]

1. d4 Nf6 2. c4 e6 3. Nc3 Bb4 4. e3 c5 5. d5 Bxc3+ 6. bxc3 Qa5 7. Bb2 Qb6 8.
Rb1 d6 9. f3 O-O 10. e4 e5 11. Bd3 Nh5 12. g3 g6 13. Ne2 f5 14. O-O f4 15. g4
Ng7 16. Qe1 Qd8 17. h4 h6 18. Kg2 Qa5 19. Ra1 Qa4 20. Qd1 Bd7 21. Qxa4 Bxa4 22.
Ba3 Nd7 23. Rfb1 Nb6 24. Nc1 Bd7 25. Nb3 Na4 26. Nd2 b6 27. Rb3 Kf7 28. Rab1
Ke7 29. Bb2 a6 30. Ba1 Rfb8 31. Kf2 Ne8 32. Ke2 Nc7 33. Kd1 Kd8 34. Kc1 Kc8 35.
Be2 Rb7 36. Bd3 Rab8 37. a3 b5 38. Bf1 Nb6 39. Be2 bxc4 40. Nxc4 Nxc4 41. Rxb7
Rxb7 42. Rxb7 Kxb7 43. Bxc4 Bb5 44. Bxb5 axb5 45. Kc2 Kb6 46. Bb2 Ka5 47. c4
bxc4 48. Kc3 Nb5+ 49. Kxc4 Nd4 50. Bc3+ Ka4 51. Be1 Nxf3 52. Bf2 Nd4 0-1

[Event "Pere Noel"]
[Site "Montreal CAN"]
[Date "2011.12.29"]
[Round "4"]
[White "Clyde, Jordan"]
[Black "Chiku-Ratte, Olivier-Kenta"]
[Result "1-0"]
[WhiteElo "2026"]
[BlackElo "2187"]
[PlyCount "85"]
[EventDate "2011.12.26"]
[EventType "swiss"]
[EventRounds "5"]
[EventCountry "CAN"]

1. Nf3 Nf6 2. b3 g6 3. e3 Bg7 4. Bb2 O-O 5. Be2 c5 6. O-O Nc6 7. d4 b6 8. Ne5
Bb7 9. Bf3 Qc7 10. Nxc6 Bxc6 11. d5 Bb7 12. c4 e6 13. Nc3 exd5 14. Bxd5 Bxd5
15. cxd5 d6 16. Qd3 Rfe8 17. Rae1 a6 18. e4 b5 19. Ba1 Nd7 20. Ne2 Ne5 21. Qc3
b4 22. Qc2 a5 23. f4 Ng4 24. Bxg7 Kxg7 25. Ng3 c4 26. Qe2 Qc5+ 27. Kh1 Nf6 28.
bxc4 Rac8 29. e5 Nd7 30. Ne4 Qxc4 31. Qxc4 Rxc4 32. Nxd6 Rec8 33. Nxc8 Rxc8 34.
Rc1 Rb8 35. Rc7 Nb6 36. Rd1 Kf8 37. e6 fxe6 38. dxe6 Kg8 39. Rdd7 h5 40. Rg7+
Kh8 41. Rh7+ Kg8 42. Rcg7+ Kf8 43. e7+ 1-0

[Event "Pere Noel"]
[Site "Montreal CAN"]
[Date "2011.12.30"]
[Round "5"]
[White "Chiku-Ratte, Olivier-Kenta"]
[Black "Yun, Chang"]
[Result "1/2-1/2"]
[WhiteElo "2187"]
[BlackElo "1935"]
[PlyCount "138"]
[EventDate "2011.12.26"]
[EventType "swiss"]
[EventRounds "5"]
[EventCountry "CAN"]

1. d4 d5 2. c4 e6 3. Nc3 Be7 4. cxd5 exd5 5. Bf4 c6 6. Qc2 Nf6 7. e3 Nbd7 8.
Bd3 O-O 9. Nf3 Re8 10. O-O Nf8 11. h3 Ng6 12. Bh2 Bd6 13. Bxd6 Qxd6 14. Rab1 a5
15. a3 Qe7 16. Na4 Ne4 17. Nb6 Rb8 18. Nxc8 Rbxc8 19. b4 axb4 20. axb4 Nh4 21.
Bxe4 dxe4 22. Nxh4 Qxh4 23. b5 Re6 24. d5 Rg6 25. bxc6 bxc6 26. dxc6 h6 27. c7
Qxh3 28. Qxe4 Qd7 29. Rfd1 Qxc7 30. Rb7 Qc6 31. Qxc6 Rgxc6 32. Rdd7 Rf6 33. Rd2
Kh7 34. e4 Rc5 35. f3 g6 36. Kf2 h5 37. Ke3 Kg7 38. Rbd7 Rfc6 39. Re7 Rc7 40.
Re8 Rc8 41. Re7 R8c7 42. Re8 Rc8 43. Rxc8 Rxc8 44. Rd7 Rc2 45. g3 Rc3+ 46. Ke2
Kf6 47. Rd6+ Ke7 48. e5 Rc5 49. f4 Rc3 50. Kf2 Rc2+ 51. Kf3 Rc3+ 52. Kg2 Rc2+
53. Kh3 Rc3 54. Ra6 Rd3 55. Ra7+ Ke6 56. Kh4 Rc3 57. Ra8 Ke7 58. Ra7+ Ke6 59.
Ra6+ Ke7 60. Rf6 Re3 61. g4 hxg4 62. Kxg4 Re4 63. Ra6 Rc4 64. Kg5 Rd4 65. f5
gxf5 66. Kxf5 Rd1 67. Ra7+ Rd7 68. Rxd7+ Kxd7 69. Kf6 Ke8 1/2-1/2

[Event "Wch U12"]
[Site "Caldas Novas BRA"]
[Date "2011.11.19"]
[Round "2.1"]
[White "Chiku-Ratte, Olivier-Kenta"]
[Black "Meunier, Clement"]
[Result "1-0"]
[WhiteElo "2094"]
[BlackElo "1874"]
[PlyCount "109"]
[EventDate "2011.11.18"]
[EventType "swiss"]
[EventRounds "9"]
[EventCountry "BRA"]

1. d4 d5 2. c4 e6 3. Nc3 c6 4. e3 f5 5. Nf3 Nf6 6. Be2 Bd6 7. O-O O-O 8. b3
Nbd7 9. Bb2 Qe7 10. Na4 b6 11. Rc1 Bb7 12. Ne5 Rac8 13. Bd3 Bxe5 14. dxe5 Ng4
15. cxd5 cxd5 16. Qe2 Ngxe5 17. Ba6 Bxa6 18. Qxa6 Nc6 19. Qb7 Ndb8 20. Qxe7
Nxe7 21. Ba3 Rxc1 22. Rxc1 Rc8 23. Rd1 Kf7 24. Rd2 Na6 25. Bb2 Nc5 26. Nc3 a6
27. f3 b5 28. Ne2 Nd7 29. Nf4 a5 30. Nd3 Ng6 31. f4 Nf6 32. Bd4 Ne4 33. Rb2 Nd6
34. a4 Rc6 35. Bc5 h6 36. axb5 Nxb5 37. Ra2 Ra6 38. Bb4 d4 39. Kf2 dxe3+ 40.
Kxe3 Nc7 41. Bxa5 Nd5+ 42. Kf3 Nge7 43. Ne5+ Kf6 44. Ra4 g5 45. g3 g4+ 46. Ke2
h5 47. Bd2 Rxa4 48. bxa4 Ng6 49. Nxg6 Kxg6 50. Kd3 Kf6 51. Kd4 Ke7 52. Ke5 Nb6
53. Bb4+ Kd7 54. a5 Nc4+ 55. Kd4 1-0

[Event "Wch U12"]
[Site "Caldas Novas BRA"]
[Date "2011.11.20"]
[Round "3.1"]
[White "Zapata Arbelaez, Estiven"]
[Black "Chiku-Ratte, Olivier-Kenta"]
[Result "0-1"]
[WhiteElo "1960"]
[BlackElo "2094"]
[PlyCount "96"]
[EventDate "2011.11.18"]
[EventType "swiss"]
[EventRounds "9"]
[EventCountry "BRA"]

1. d4 Nf6 2. Nf3 c5 3. d5 e6 4. c4 exd5 5. cxd5 d6 6. Nc3 g6 7. e4 Bg7 8. h3 a6
9. a4 Nbd7 10. Bf4 Qe7 11. Bd3 Nh5 12. Bh2 Ne5 13. Nxe5 Bxe5 14. Bxe5 Qxe5 15.
O-O O-O 16. Qd2 Bd7 17. Ne2 b5 18. f4 Qe7 19. g4 Nf6 20. Ng3 bxa4 21. g5 Ne8
22. h4 Ng7 23. Rae1 f6 24. f5 Qe5 25. Qf4 Ne8 26. Qxe5 fxe5 27. h5 gxf5 28.
exf5 h6 29. f6 hxg5 30. f7+ Rxf7 31. Rxf7 Kxf7 32. h6 Nf6 33. Rf1 Ke7 34. Nf5+
Bxf5 35. Rxf5 e4 36. Bc2 Rg8 37. Bxa4 g4 38. Bc2 Rg6 39. h7 Rh6 40. Rf4 e3 41.
Kf1 Rh2 42. Kg1 Rh4 43. Kf1 Nxh7 44. Bxh7 Rxh7 45. Rxg4 Rh5 46. Re4+ Re5 47.
Ra4 Rxd5 48. Rxa6 Rd2 0-1

[Event "Wch U12"]
[Site "Caldas Novas BRA"]
[Date "2011.11.22"]
[Round "5.1"]
[White "Aravindh, Chithambaram VR"]
[Black "Chiku-Ratte, Olivier-Kenta"]
[Result "1/2-1/2"]
[WhiteElo "2262"]
[BlackElo "2094"]
[PlyCount "85"]
[EventDate "2011.11.18"]
[EventType "swiss"]
[EventRounds "9"]
[EventCountry "BRA"]

1. e4 c5 2. Nf3 d6 3. d4 cxd4 4. Nxd4 Nf6 5. Nc3 g6 6. Be3 Bg7 7. f3 Nc6 8. Qd2
O-O 9. Bc4 Bd7 10. O-O-O Rc8 11. Bb3 Nxd4 12. Bxd4 b5 13. e5 dxe5 14. Bxe5 Bc6
15. Qxd8 Rfxd8 16. Kb1 b4 17. Ne2 e6 18. c4 Nd7 19. Bxg7 Kxg7 20. Rd6 Nc5 21.
Rhd1 Rxd6 22. Rxd6 e5 23. Bc2 f6 24. Nc1 Kf7 25. Rd1 a5 26. Nb3 Nxb3 27. axb3
Ke6 28. Rd2 f5 29. Kc1 e4 30. fxe4 fxe4 31. Kd1 Ke5 32. Ke2 Rf8 33. Rd1 g5 34.
Ke3 g4 35. Ra1 Ra8 36. Rf1 g3 37. h3 a4 38. bxa4 b3 39. Bd1 Rxa4 40. Be2 Ra2
41. Rb1 h6 42. Bd1 Ba4 43. Be2 1/2-1/2

[Event "Wch U12"]
[Site "Caldas Novas BRA"]
[Date "2011.11.23"]
[Round "6.1"]
[White "Chiku-Ratte, Olivier-Kenta"]
[Black "Lorparizangeneh, Shahin"]
[Result "1/2-1/2"]
[WhiteElo "2094"]
[BlackElo "2175"]
[PlyCount "82"]
[EventDate "2011.11.18"]
[EventType "swiss"]
[EventRounds "9"]
[EventCountry "BRA"]

1. d4 d5 2. c4 c6 3. Nf3 Nf6 4. Nc3 e6 5. e3 a6 6. b3 Bb4 7. Bd2 Nbd7 8. Bd3
O-O 9. O-O Bd6 10. Rc1 e5 11. cxd5 cxd5 12. dxe5 Nxe5 13. Nxe5 Bxe5 14. Ne2 Qe7
15. Qe1 Ng4 16. f4 Bd6 17. Nd4 Re8 18. Qg3 Bd7 19. Rce1 Nf6 20. Bc3 Rac8 21.
Ba1 Bb4 22. Re2 Bc3 23. f5 Bxa1 24. Rxa1 Rc3 25. Rd1 Qc5 26. Qf4 h5 27. h3 Rc1
28. Ree1 Rxd1 29. Rxd1 Bb5 30. Nxb5 axb5 31. Qd4 Qxd4 32. exd4 b4 33. Kf2 Rc8
34. Ke2 h4 35. Kf3 Kh7 36. Kf4 Kh6 37. Rd2 Rc3 38. Rd1 Rc6 39. Rd2 Rc3 40. Rd1
Rc6 41. Rd2 Rc3 1/2-1/2

[Event "Wch U12"]
[Site "Caldas Novas BRA"]
[Date "2011.11.24"]
[Round "7.1"]
[White "Karthikeyan, Murali"]
[Black "Chiku-Ratte, Olivier-Kenta"]
[Result "1-0"]
[WhiteElo "2154"]
[BlackElo "2094"]
[PlyCount "79"]
[EventDate "2011.11.18"]
[EventType "swiss"]
[EventRounds "9"]
[EventCountry "BRA"]

1. e4 c5 2. Nf3 d6 3. d4 cxd4 4. Nxd4 Nf6 5. Nc3 g6 6. Be3 Bg7 7. f3 Nc6 8. Qd2
O-O 9. O-O-O d5 10. exd5 Nxd5 11. Nxc6 bxc6 12. Nxd5 cxd5 13. Qxd5 Qc7 14. Qc5
Qb7 15. Qa3 Bf5 16. Bd3 Rab8 17. b3 Qc6 18. Bxf5 Qc3 19. Qc5 Qb2+ 20. Kd2 gxf5
21. Qxf5 e6 22. Qe4 f5 23. Qf4 Rbc8 24. Ke2 e5 25. Qb4 Rxc2+ 26. Rd2 Rfc8 27.
Rhd1 f4 28. Qb7 Qc3 29. Rxc2 Qxc2+ 30. Rd2 Qc3 31. Rd3 Qc2+ 32. Bd2 Rf8 33.
Qxa7 Bf6 34. Qa6 Qb1 35. Qe6+ Kg7 36. Rd7+ Kg6 37. Qg4+ Kh6 38. Qh3+ Kg5 39.
Rxh7 Rd8 40. Qh6+ 1-0

[Event "Varennes inv."]
[Site "Varennes CAN"]
[Date "2011.11.04"]
[Round "1"]
[White "Chiku-Ratte, Olivier-Kenta"]
[Black "Kraiouchkine, Nikita"]
[Result "1/2-1/2"]
[WhiteElo "2177"]
[BlackElo "2276"]
[PlyCount "76"]
[EventDate "2011.11.04"]
[EventType "tourn"]
[EventRounds "5"]
[EventCountry "CAN"]

1. d4 d5 2. c4 c6 3. Nf3 Nf6 4. Nc3 dxc4 5. a4 e6 6. e3 c5 7. Bxc4 cxd4 8. exd4
Nc6 9. O-O Be7 10. Qe2 O-O 11. Rd1 Nb4 12. Bg5 h6 13. Bxf6 Bxf6 14. Qe4 Qc7 15.
Ne5 Bd7 16. Nb5 Bxb5 17. Bxb5 Qc2 18. Qxb7 Bxe5 19. dxe5 a6 20. Bf1 Rab8 21.
Qf3 Qxb2 22. Qe2 Qxe2 23. Bxe2 a5 24. Bb5 Rfd8 25. Rxd8+ Rxd8 26. Rc1 g5 27. g3
Rd5 28. f4 gxf4 29. gxf4 Rd4 30. Rc4 Rd2 31. f5 exf5 32. Rf4 Nc2 33. Rxf5 Nd4
34. Rf6 Nxb5 35. axb5 Re2 36. Rxh6 Rxe5 37. Rb6 Kf8 38. Rb7 a4 1/2-1/2